000 01012nam a22003137a 4500
001 BR8903480
003 BR-BrBNA
005 20230928093251.0
007 ta
008 230509b bl.||||| |||| 00| 0 por d
040 _aBR-BrBNA
_bpor
_cBiblioteca Nacional de Agricultura
041 _a(Por)
072 _aP34; F61; F62
090 _ P34 BR8903480
100 1 _aPaula, M.A. de
110 1 _aEscola Superior de Agricultura de Lavras, MG (Brasil)
_0Tese (Mestrado)
245 1 _aGerminacao e crescimento micelial de esporos de fungos micorrizicos vesiculo-arbusculares na presenca de calos e suspensao de celulas vegetais in vitro
260 3 _aLavra, MG (Brasil):
_c1988.
300 _a128 p.
500 _aSummaries (Eng, Por); Bibliography p. 99-119 (132 ref.); 19 illus.; 21 tables
650 _aMICORRIZA
650 _aESPORO
650 _aGERMINACAO
650 _aMICELIO
650 _aCRESCIMENTO
650 _aCULTURA IN VITRO
909 _a202309
_bLucia
_c55
_dLucia Elande
942 _cBK
999 _c43983
_d43983